000 00938nas a2200277 4500
001 BR2011004258
003 BR-BrBNA
005 20231205115047.0
007 ta
008 230509b bl.|||p| |||| 00| 00por d
040 _aBR-BrBNA
_bpor
_cBiblioteca Nacional de Agricultura
041 _a(Pt)
072 _aF02
100 1 _aOliveira, A.C.L.
100 1 _aArrigoni-Blank, M.F.
100 1 _aBlank, A.F.
100 1 _aBianchini, F.G.
245 1 _aProdução de mudas de dois genótipos de alecrim-de-tabuleiro (Lippia gracilis Schauer)em função de fertilizante mineral, calcário, substratos e recipientes
650 _aALECRIM
650 _aPROPAGAÇÃO VEGETATIVA
650 _aESTACA
650 _aSUBSTRATO DE CULTURA
773 0 _tRevista Brasileira de Plantas Medicinais (Brazil)
_xISSN 1516-0572
_g(Feb 2011), v. 13(1) p. 35-42
_wBR2011004258
909 _a202311
_bLúcia
_c55
_dLúcia Elande
942 _2AGRIS
_n0
_cANA
999 _c211890
_d211890